The controller's function (Record no. 38731)

MARC details
000 -LEADER
fixed length control field 00786nam a2200229 a 4500
008 - FIXED-LENGTH DATA ELEMENTS--GENERAL INFORMATION
fixed length control field 120416s2005 ||||||||||||||||| || u
020 ## - INTERNATIONAL STANDARD BOOK NUMBER
International Standard Book Number 0471683302
050 ## - LIBRARY OF CONGRESS CALL NUMBER
Classification number HF 5635 Roe
100 ## - MAIN ENTRY--PERSONAL NAME
Personal name Roehl-Anderson, Janice M
245 10 - TITLE STATEMENT
Title The controller's function
246 ## - VARYING FORM OF TITLE
Title proper/short title the work of the managerial accountant
250 ## - EDITION STATEMENT
Edition statement 3rd ed.
260 ## - PUBLICATION, DISTRIBUTION, ETC.
Place of publication, distribution, etc. Hoboken, NJ
Name of publisher, distributor, etc. John Wiley and Sons
Date of publication, distribution, etc. 2005.
300 ## - PHYSICAL DESCRIPTION
Extent xi, 460p. : ill.
350 ## - PRICE (NR) (BK AM CF MU VM SE) [OBSOLETE]
Price 0.00
650 #0 - SUBJECT ADDED ENTRY--TOPICAL TERM
Topical term or geographic name entry element MANAGERIAL ACCOUNTING
650 ## - SUBJECT ADDED ENTRY--TOPICAL TERM
Topical term or geographic name entry element AUDING
650 ## - SUBJECT ADDED ENTRY--TOPICAL TERM
Topical term or geographic name entry element CONTROLLERSHIP
650 #0 - SUBJECT ADDED ENTRY--TOPICAL TERM
Topical term or geographic name entry element ACCOUNTING--HANDBOOKS, MANUALS, ETC
700 ## - ADDED ENTRY--PERSONAL NAME
Personal name Bragg, Steven M
995 ## - RECOMMENDATION 995 [LOCAL, UNIMARC FRANCE]
-- 0.00
-- CBU-MAIN LIBRARY (Kitwe)
-- 1
-- 27.50
-- 1
-- AVAILABLE
-- Aug 11, 2006
-- Main Library Open Access Collection
Holdings
Withdrawn status Lost status Source of classification or shelving scheme Damaged status Not for loan Home library Current library Shelving location Date acquired Total Checkouts Full call number Barcode Date last seen Price effective from Koha item type
          CBU-MAIN LIBRARY, KITWE. CBU-MAIN LIBRARY, KITWE.   11/30/2022   HF 5635 Roe 40128 11/30/2022 11/30/2022 MONOGRAPH